00770nai a2200181Ia 4500003000900000008004100009022002300050040001600073245007700089260008600166310001400252362002600266521006900292650004700361650003000408650005700438856009300495IN-BaIIA211028c9999 xx s 000 0 eng d a2332-7731 (Online) cIIA Library 0aIEEE Transactions on Cognitive Communications and Networkingh[eJournal] aNew York, USAbThe Institute of Electrical and Electronics Engineers, Inc. (IEEE) aQuarterly a1(1); 2015 - Present  bSubscribed through National Knowledge Resource Consortium (NKRC) a Components, Circuits, Devices and Systems a Computing and Processing aCommunication, Networking and Broadcast Technologies uhttps://ieeexplore.ieee.org/servlet/opac?punumber=6687307yClick Here to Access eJournal